LEADER 00504nas a2200157 i 4500 001 000000133788 003 CaOOAMICUS 005 20050113000000.0 008 050113b it uu u0 0ita r 013 $a106809 040 $aSeMil$bita 245 10$aTitolo mancante. 773 0 $tVessillo di S. Tommaso.$dMilano : Majocchi, 1879-1880.$w()3096 850 $aSeMil 852 $aSeMil$W1$xVenegono$y1$m190 6 36$j87599$B87599$CSeMilBibl$Z2$F91457 $82 996 $6245$aTitolo mancante$9(OLS)http://semarc/title/46445 LEADER 00622naa a2200133 i 4500 001 000000325210 003 CaOOAMICUS 005 20180831173458.0 008 180831n it u000 u ita u 013 $a36133 040 $aSeMil$bita 245 13$aIl piccolo leggendario ovvero vite dei santi per ciascun giorno dell'anno. 773 0 $tVol. 1.$kTesoro cattolico. Classe 2., Storia e biografia : scelta di opere antiche e moderne atte a sanar le piaghe religiose e politiche che affliggono l'odierna società$w()246585 996 $6245$aIl piccolo leggendario ovvero vite dei santi per ciascun giorno dell'anno$9(OLS)http://semarc/title/398398